| 000 | 00776nam a2200265 i 4500 | ||
|---|---|---|---|
| 003 | DO-SdBNP | ||
| 005 | 20241010092959.0 | ||
| 007 | ta | ||
| 008 | 241010b2019 dr ||||| |||| 00| 0 spa d | ||
| 020 | _a97899945590968 | ||
| 040 |
_aDO-SdBNP _bspa _cBNPHU _erda |
||
| 082 | 4 | _222 | |
| 100 | 1 |
_aBatlle, Natacha, _d1984- _eautor _4aut. _916454 |
|
| 245 | 1 | 3 |
_aLa muerte en cuatro : _botra vez la muerte / _cNatacha Batlle |
| 264 | 4 |
_aSanto Domingo : _bEditora FUNGLODE, _c2019. |
|
| 300 |
_a101 páginas : _c23 cm. |
||
| 336 |
_atexto _btxt _2rdacontent |
||
| 337 |
_asin mediación _bn _2rdamedia |
||
| 338 |
_avolumen _bnc _2rdacarrier |
||
| 586 | _aPremios Funglode; Poesía | ||
| 590 | _aInventariado, 2024/BT | ||
| 700 | _986679 | ||
| 910 | _aBtavárez | ||
| 942 |
_2ddc _cLBS1 |
||
| 999 |
_c57806 _d57806 |
||